Keusahawanan Islam
| Main Author: | |
|---|---|
| Format: | Book |
| Published: |
Petaling Jaya :
Prentice Hall ,
2002
|
| Subjects: |
MARC
| LEADER | 00000cam a2200000 7i4500 | ||
|---|---|---|---|
| 001 | 0000012488 | ||
| 005 | 20050629.0 | ||
| 020 | |a 9832473691 | ||
| 040 | |a INS | ||
| 090 | 0 | 0 | |a BT173.T5. |b AD67 2002 |
| 100 | 1 | |a Adnan Alias | |
| 245 | 1 | 0 | |a Keusahawanan Islam |c Adnan Alias |
| 260 | |a Petaling Jaya : |b Prentice Hall , |c 2002 | ||
| 300 | |a iiip : |b 145p ; |c 21cm. | ||
| 650 | 0 | 0 | |a Business-Religious aspects-Islam |x Finance Religious aspects-Islam |y Enterprenaurship |z Muslim business people |
| 999 | |a 0000012878 |b BOOK |c Open Shelf |e Default branch | ||